000
00325nam a22001577a 4500
003
SGT
020
_a
9788131758915
082
_a
531
_b
GOL
100
_a
GOLDSTEIN,HERBERT
245
_a
CLASSICAL MECHANICS
250
_a
3RD
260
_a
NEW DELHI
_b
PEARSON
_c
2023
300
_a
646
650
_a
PHYSICS
942
_2
ddc
_c
BK
999
_c
24997
_d
24997